| 000 | 00637nam a2200229Ia 4500 | ||
|---|---|---|---|
| 003 | BUBTL | ||
| 008 | 151213s9999 xx 000 0 und d | ||
| 020 | _a0-13-127677-8 | ||
| 082 | _a658.3/DEH | ||
| 100 |
_aGray Desslor _93083 |
||
| 245 |
_aHuman Resource Management _cGray Desslor |
||
| 250 | _a10th | ||
| 260 |
_aU S A _bPearson Prentic Hall _cc2005 |
||
| 300 |
_a[xxvi], 725p. : _bill . Graph, Table ; 24cm. |
||
| 500 | _aIncludes Index | ||
| 650 |
_aManagement _93084 |
||
| 650 |
_aManagement _93084 |
||
| 700 |
_aGray Desslor _93083 |
||
| 856 |
_k0 _l0 _yDownload |
||
| 942 |
_2ddc _cBK |
||
| 999 |
_c3378 _d3378 |
||